| 000 | 00601nam a2200181 a 4500 | ||
|---|---|---|---|
| 001 | 000017516 | ||
| 005 | 20200929165134.0 | ||
| 008 | 100326s1944 dr ab 000 0 spa d | ||
| 040 |
_aDO-SdBNP _bspa _cBNPHU |
||
| 082 |
_axxx _bR426d |
||
| 245 | 0 | 0 |
_aRepública Dominicana : _balbum estadístico gráfico. |
| 260 |
_aCiudad Trujillo, República Dominicana : _bDirección General de Estadística, _c1944. |
||
| 300 |
_a[82 p.] : _bil. ; map. ; _c23 cm. |
||
| 490 | 1 | _aEstadística Dominicanas | |
| 500 | _aIncluye notas al pie de páginas | ||
| 830 | 0 |
_aEstadística Dominicanas _938255 |
|
| 049 | _aBNPD | ||
| 999 |
_c17041 _d17041 |
||